Представление документа в формате RUSMARC

ПолеНазваниеЗначение
  Тип записи a
  Библиографический уровень m
001 Контрольный номер 730c7376eabb47f58edaf7851f0103e3
005 Дата корректировки 20150925102253.2
010 Индекс ISBN __
a ISBN 5-91180-194-9
d Цена 180.00
101 Язык документа 0_
a Язык текста rus
102 Страна публикации __
a Страна публикации RU
200 Заглавие и сведения об ответственности 1_
a Заглавие Экономическая оценка инвестиций
b Общее обозначение материала Текст
e Сведения, относящиеся к заглавию учебник
f Первые сведения об ответственности М. И. Ример и др.
205 Сведения об издании __
a Основные сведения об издании 2-е изд.
210 Выходные данные 1_
a Место издания СПб.
c Издательство Питер
d Дата издания 2007
215 Физическое описание __
a Объем 480 с.
610 Ключевые слова 0_
a Ключевые слова Инвестиции
686 Индексы других классификаций __
a Классификационный индекс 65.9(2)26
700 Автор _1
a Фамилия Ример
b Имя М. И.
801 Источник записи _0
a Страна RU
b Организация РУК
g Правила каталогизации PSBO
c Дата составления 25.09.2015
801 Источник записи _1
a Страна RU
b Организация РУК
g Правила каталогизации PSBO
c Дата составления 25.09.2015
852 Данные о местонахождении __
i Авторский знак Р 51
j Шифр хранения ББК 65.9(2)26
901 Тип документа __
t Тип документа m
937 Технологическая информация __
a Создатель записи (имя) Морозова
938 Служебная информация __
a Название организации Арзамасский филиал
952 Тип литературы __
c Вид литературы учебник